000 00631nam a2200193Ia 4500
003 IN-BaIIA
008 211028s9999 xx 000 0 eng d
040 _cIIA Library
080 _a5(093)
_bKUH
100 _aKuhn, T. S.
_918792
245 4 _aThe structure of scientific revolutions
_cT. S. Kuhn
260 _aChicago
_bUniversity of Chicago Press
_c1962
300 _axv, 172p.
490 _aInternational Encyclopedia of Unified Science, v. II, no. 2
650 _aAstronomy and Astrophysics Thesaurus
650 _aHistory
_97064
650 _aScience
_91299
942 _cBK
999 _c10993
_d10993